|
|
|
|
| LEADER |
01632nam a2200397 a 4500 |
| 001 |
EBC697486 |
| 003 |
MiAaPQ |
| 005 |
20200520144314.0 |
| 006 |
m o d | |
| 007 |
cr cn||||||||| |
| 008 |
110801s2011 njuad s 001 0 eng d |
| 020 |
|
|
|z 9780470400920 (hardback)
|
| 020 |
|
|
|a 9781118093016 (electronic bk.)
|
| 020 |
|
|
|a 9781118093023 (electronic bk.)
|
| 035 |
|
|
|a (MiAaPQ)EBC697486
|
| 035 |
|
|
|a (Au-PeEL)EBL697486
|
| 035 |
|
|
|a (CaPaEBR)ebr10483245
|
| 035 |
|
|
|a (CaONFJC)MIL317655
|
| 035 |
|
|
|a (OCoLC)743204945
|
| 040 |
|
|
|a MiAaPQ
|c MiAaPQ
|d MiAaPQ
|
| 050 |
|
4 |
|a HG4621
|b .F45 2011
|
| 100 |
1 |
|
|a Feibel, Bruce J.
|
| 245 |
1 |
0 |
|a Complying with the Global Investment Performance Standards (GIPS)
|h [electronic resource] /
|c Bruce J. Feibel, Karyn D. Vincent.
|
| 260 |
|
|
|a Hoboken, N.J. :
|b John Wiley & Sons, Inc.,
|c 2011.
|
| 300 |
|
|
|a xx, 252 p. :
|b ill.
|
| 490 |
1 |
|
|a The Frank J. Fabozzi series
|
| 500 |
|
|
|a Includes index.
|
| 505 |
0 |
|
|a pt. 1. Explanation of the GIPS standards -- pt. 2. The methodology for calculating returns -- pt. 3. Reporting and maintaining compliance with the GIPS standards.
|
| 533 |
|
|
|a Electronic reproduction. Ann Arbor, MI : ProQuest, 2015. Available via World Wide Web. Access may be limited to ProQuest affiliated libraries.
|
| 650 |
|
0 |
|a Investment advisors
|x Professional ethics.
|
| 650 |
|
0 |
|a Investment analysis
|x Standards.
|
| 655 |
|
4 |
|a Electronic books.
|
| 700 |
1 |
|
|a Vincent, Karyn D.
|
| 710 |
2 |
|
|a ProQuest (Firm)
|
| 830 |
|
0 |
|a Frank J. Fabozzi series.
|
| 856 |
4 |
0 |
|u https://ebookcentral.proquest.com/lib/matrademy/detail.action?docID=697486
|z Click to View
|